Модели технологических процессов

Dades bibliogràfiques
Autor principal: Пухов Г. Е. Георгий Евгеньевич
Altres autors: Хатиашвили Ц. С. Циала Соломоновна
Sumari:Рассмотрены вопросы получения и обработки информации о технологических процессах. Изложены принципы построения моделей по точным экспериментальным данным и моделей по данным со случайными погрешностями. Введено понятие степени близости функций, на основе которой построены критерии сильного приближения. Приведены структуры моделей многомерных технологических объектов. Описаны примеры построения локальных моделей для конкретных технологических процессов с использованием разработанных критериев. Рассмотрены модели объектов в задачах анализа состояний движущихся объектов. Даны алгоритмы управления для построения самонастраивающихся систем управления технологическими процессами. Рассчитана на инженеров, работающих в области создания автоматических систем управления технологическими процессами, а также может быть полезна студентам соответствующих специальностей.
Idioma:rus
Publicat: Киев, Технiка, 1974
Matèries:
Format: MixedMaterials Llibre
KOHA link:https://koha.lib.tpu.ru/cgi-bin/koha/opac-detail.pl?biblionumber=194006

MARC

LEADER 00000nam0a2200000 4500
001 194006
005 20231031182143.0
035 |a (RuTPU)RU\TPU\book\211561 
090 |a 194006 
100 |a 20110401d1974 k y0rusy50 ca 
101 0 |a rus 
102 |a UA 
105 |a a z 001zy 
200 1 |a Модели технологических процессов  |f Г. Е. Пухов, Ц. С. Хатиашвили 
210 |a Киев  |c Технiка  |d 1974 
215 |a 224 с.  |c ил. 
330 |a Рассмотрены вопросы получения и обработки информации о технологических процессах. Изложены принципы построения моделей по точным экспериментальным данным и моделей по данным со случайными погрешностями. Введено понятие степени близости функций, на основе которой построены критерии сильного приближения. Приведены структуры моделей многомерных технологических объектов. Описаны примеры построения локальных моделей для конкретных технологических процессов с использованием разработанных критериев. Рассмотрены модели объектов в задачах анализа состояний движущихся объектов. Даны алгоритмы управления для построения самонастраивающихся систем управления технологическими процессами. Рассчитана на инженеров, работающих в области создания автоматических систем управления технологическими процессами, а также может быть полезна студентам соответствующих специальностей. 
610 1 |a технологические процессы 
610 1 |a информация 
610 1 |a получение 
610 1 |a обработка информации 
610 1 |a моделирование 
610 1 |a данные 
610 1 |a случайные погрешности 
610 1 |a многомерные технологические объекты 
610 1 |a алгоритмы управления 
610 1 |a степень близости функций 
610 1 |a локальные модели 
610 1 |a труды учёных ТПУ 
675 |a 658.5.011.56  |v 3 
700 1 |a Пухов  |b Г. Е.  |c российский ученый, специалист в области электротехники  |c профессор Томского политехнического университета  |f 1916-1998  |g Георгий Евгеньевич  |2 stltpush  |3 (RuTPU)RU\TPU\pers\19855 
701 1 |a Хатиашвили  |b Ц. С.  |g Циала Соломоновна 
801 1 |a RU  |b 63413507  |c 20110401 
801 2 |a RU  |b 63413507  |c 20110408  |g RCR 
942 |c BK